000
00206 a2200097 4500
001
2687
100
_a
Alartmann, C
245
_a
The angry admiral
260
_a
_b
Willian Heinemann
_c
090
_c
1983
_d
1983
942
_a
NUST-CAE
_c
M
_c
10924
999
_c
237760
_d
237760